[Event "Botucatu 152 Ann op"]
[Site "Botucatu"]
[Date "2007.04.20"]
[Round "2"]
[White "Moreira, Ronaldo Alonso"]
[Black "Oliveira, Jefferson dos Santo"]
[Result "0-1"]
[WhiteElo "1968"]
[BlackElo "2289"]
[PlyCount "78"]
[EventDate "2007.04.20"]
[EventType "swiss"]
[EventRounds "6"]
[EventCountry "BRA"]
[SourceTitle "EXT 2022"]
[Source "ChessBase"]
[SourceDate "2021.10.06"]
[SourceVersion "1"]
[SourceVersionDate "2021.10.06"]
[SourceQuality "1"]

1. d4 Nf6 2. c4 e6 3. Nf3 d5 4. Bg5 h6 5. Bh4 Bb4+ 6. Nc3 dxc4 7. e3 b5 8. a4 c6 9. Nd2 Bb7 10. axb5 Bxc3 11. bxc3 cxb5 12. Qb1 Bc6 13. Bxf6 Qxf6 14. Ne4 Qe7 15. Be2 0-0 16. Bf3 Rc8 17. 0-0 a5 18. Nc5 Bxf3 19. gxf3 Nd7 20. Nb7 Ne5 21. Qe4 Nc6 22. Nc5 Rab8 23. Rfc1 e5 24. Qg4 exd4 25. Nd7 Ne5 26. Nxe5 Qxe5 27. exd4 Qc7 28. d5 Rb6 29. Kh1 Rg6 30. Qe4 Rd8 31. Rg1 Rf6 32. Rg4 g6 33. h4 h5 34. Rg5 Rf4 35. Rxg6+ fxg6 36. Qxg6+ Qg7 37. Qxh5 Qf6 38. Rg1+ Kf8 39. Rg5 Rxd5 0-1